| 000 | 00538nam a22001937a 4500 | ||
|---|---|---|---|
| 003 | BUBTL | ||
| 008 | 221121b ||||| |||| 00| 0 eng d | ||
| 020 | _a9847002002059 | ||
| 082 | _a9150/ 2005 | ||
| 245 |
_aAmerican Literature: _bProse and Poetry/ |
||
| 250 | _a1st Edn. | ||
| 260 |
_aDhaka: _bFriends' Book Corner, _cc2005 |
||
| 300 |
_a172 p.: _c21 cm |
||
| 505 | _aAmerican Literature | ||
| 658 | _aEnglish Literature | ||
| 856 |
_k0 _l0 _yDownload |
||
| 942 |
_2ddc _cBK |
||
| 999 |
_c6830 _d6830 |
||